Từng bước luyện nói tiếng Anh lưu loát

Kaydedildi:
Detaylı Bibliyografya
Materyal Türü: Kitap
Dil:Undetermined
Baskı/Yayın Bilgisi: Tp.HCM Nxb. Tp.HCM 2004
Konular:
Etiketler: Etiketle
Etiket eklenmemiş, İlk siz ekleyin!
Thư viện lưu trữ: Trung tâm Học liệu Trường Đại học Cần Thơ
LEADER 00533nam a2200181Ia 4500
001 CTU_194976
008 210402s9999 xx 000 0 und d
082 |a 428.34 
082 |b T556/T.3 
245 0 |a Từng bước luyện nói tiếng Anh lưu loát 
245 0 |c Nguyễn Thành Yến biên dịch 
260 |a Tp.HCM 
260 |b Nxb. Tp.HCM 
260 |c 2004 
650 |a English language 
650 |x Spoken english 
904 |i Minh, Năm 
980 |a Trung tâm Học liệu Trường Đại học Cần Thơ